=LDR 00000nam 2200000 4500 =001 INLIS000000000036206 =005 20130612142015 =008 ***********************************Ind** =035 ##$$a0010-061300000036206 =041 ##$$a Ind =082 ##$$a 613 =090 ##$$a 613, Nad r =100 ##$$a Nadesul, Hendrawan =245 ##$$a Resep mudah tatap sehat, cerdas menaklukkan semua penyakit orang sekarang, Hendrawan Nadesul =260 ##$$a 2009 $b Jakarta =300 ##$$a 357 hlm, ilus, 23 cm =650 ##$$a Kesehatan =850 ##$$a NBPNMAT =990 ##$$a 0001/BPAP-NTB/20142014